header

A-Z of facilities and property management (Record no. 186716)

MARC details
000 -LEADER
fixed length control field 01052nam a2200289Ia 4500
082 04 - DEWEY DECIMAL CLASSIFICATION NUMBER
Classification number 658.200941
100 1# - MAIN ENTRY--AUTHOR NAME
Personal name Martin, David.
245 10 - TITLE STATEMENT
Title A-Z of facilities and property management
260 ## - PUBLICATION, DISTRIBUTION, ETC. (IMPRINT)
Place of publication London :
Name of publisher Thorogood,
Year of publication 2006.
300 ## - PHYSICAL DESCRIPTION
Number of Pages xii, 401 p.
650 #0 - SUBJECT ADDED ENTRY--TOPICAL TERM
Topical Term Facility management.
Topical Term Real estate management.
856 40 - ELECTRONIC LOCATION AND ACCESS
Uniform Resource Identifier http://site.ebrary.com/lib/rucke/Doc?id=10141067

No items available.

© 2026 Rongo University
Contact us: librarian | system librarian | Rongo university